Harper. Bioquímica ilustrada

محفوظ في:
التفاصيل البيبلوغرافية
المؤلفون الرئيسيون: Murray, Robert K. (autor), Bender, David A (مؤلف), Botham, Kathleen M (مؤلف), Kennelly, Peter J (مؤلف), Rodwell, Victos W (مؤلف), Weil, P. Anthony (مؤلف)
التنسيق: كتاب
اللغة:الإسبانية
منشور في: Cuernavaca, México McGraw-Hill 2010
الطبعة:28a. edición
سلاسل:A Lange Medical Book
الموضوعات:
الوصول للمادة أونلاين:Disponible Online
الوسوم: إضافة وسم
لا توجد وسوم, كن أول من يضع وسما على هذه التسجيلة!

MARC

LEADER 00000cam a2200000 a 4500
001 UCF8528
003 CL-VaPUC
005 20241210114214.0
008 130906e20100000mx |||||||||||||||||spa|d
999 |c 353099  |d 353097 
020 |a 9786071503046 
040 |c Pontificia Universidad Católica de Valparaíso 
082 0 4 |a 572  |b MUR  |2 21 
100 |a Murray, Robert K.  |e autor  |9 306882 
245 1 0 |a Harper.  |b Bioquímica ilustrada 
250 |a 28a. edición  
260 |a Cuernavaca, México   |b McGraw-Hill  |c 2010 
300 |a 687 páginas  
440 |a A Lange Medical Book  |9 860236 
500 |a Traducción de la 28a.ed en inglés 
583 |a last modification  |c 20131202 04:16:01  |k Rodrigo Vera 
650 0 |a Bioquímica   |9 259492 
650 0 |a Aminoácidos  |x Péptidos   |x Proteínas  |9 892590 
650 0 |a Carbohidratos  |x Lípidos  |9 892591 
650 0 |a Biosíntesis  |x Citogénesis  |9 892592 
650 0 |a Genética   |9 892593 
700 0 |a Bender, David A  |e author  |9 570614 
700 0 |a Botham, Kathleen M  |e author  |9 570615 
700 0 |a Kennelly, Peter J  |e author  |9 570616 
700 0 |a Rodwell, Victos W  |e author  |9 570617 
700 0 |a Weil, P. Anthony  |e author  |9 570618 
856 |u http://bibliografiadigital.pucv.cl.pucv.idm.oclc.org/index.php/bibliotecapucv/catalog/book/244  |y Disponible Online  
942 |c BK  |2 ddc 
945 |d 20130906 13:01:00  |a dcastane 
952 |0 0  |1 0  |3 erd  |4 0  |6 572_000000000000000_MUR_2010  |7 0  |8 A  |9 458010  |a BIBCUR  |b BIBCUR  |d 2019-11-23  |i 5005639  |l 25  |m 4  |o 572 MUR 2010  |p 5005639  |q 2025-05-16  |r 2025-05-09  |s 2025-05-09  |w 2019-11-23  |y BK  |z Catalogado en:20130906  |k KIN 
952 |0 0  |1 0  |3 erd  |4 0  |6 572_000000000000000_MUR_2010  |7 0  |8 A  |9 458011  |a BIBCUR  |b BIBCUR  |d 2019-11-23  |i 5005647  |l 32  |m 5  |o 572 MUR 2010  |p 5005647  |q 2025-05-09  |r 2025-05-02  |s 2025-05-02  |w 2019-11-23  |y BK  |z Catalogado en:20130906  |k KIN 
952 |0 0  |1 0  |3 erd  |4 0  |6 572_000000000000000_MUR_2010  |7 0  |8 A  |9 458012  |a BIBCUR  |b BIBCUR  |d 2019-11-23  |i 5005655  |l 21  |m 5  |o 572 MUR 2010  |p 5005655  |q 2025-05-16  |r 2025-05-09  |s 2025-05-09  |w 2019-11-23  |y BK  |z Catalogado en:20130906  |k KIN 
952 |0 0  |1 0  |3 erd  |4 0  |6 572_000000000000000_MUR_2010  |7 0  |8 A  |9 458013  |a BIBCUR  |b BIBCUR  |i 5031710  |l 26  |m 4  |o 572 MUR 2010  |p 5031710  |r 2025-04-22  |s 2025-04-04  |w 2019-11-23  |y BK  |z Catalogado en:20131206  |k KIN